| 000 | 01311nam a2200385 a 4500 | ||
|---|---|---|---|
| 001 | ebr10210683 | ||
| 003 | CaPaEBR | ||
| 006 | m u | ||
| 007 | cr cn||||||||| | ||
| 008 | 080808s2005 enka s 001 0 eng d | ||
| 010 | _z 2006491681 | ||
| 015 |
_aGBA549094 _2bnb |
||
| 016 | 7 |
_z013216054 _2Uk |
|
| 020 | _z9781847650306 | ||
| 020 | _z1861979169 | ||
| 040 |
_aCaPaEBR _cCaPaEBR |
||
| 035 | _a(OCoLC)236346040 | ||
| 050 | 1 | 4 |
_aPE1421 _b.S75 2005eb |
| 082 | 0 | 4 |
_a808.027 _222 |
| 245 | 0 | 0 |
_aStyle guide _h[electronic resource]. |
| 246 | 3 | _aEconomist style guide | |
| 250 | _a[9th ed.] | ||
| 260 |
_aLondon : _bProfile Books, _cc2005. |
||
| 300 |
_avi, 250 p. : _bill. |
||
| 500 | _aAt head of title: The Economist. | ||
| 500 | _aIncludes index. | ||
| 533 |
_aElectronic reproduction. _bPalo Alto, Calif. : _cebrary, _d2013. _nAvailable via World Wide Web. _nAccess may be limited to ebrary affiliated libraries. |
||
| 650 | 0 |
_aEconomics _xAuthorship _vStyle manuals. |
|
| 650 | 0 |
_aEnglish language _xStyle. |
|
| 650 | 0 |
_aEnglish language _xUsage. |
|
| 655 | 7 |
_aElectronic books. _2local |
|
| 710 | 2 | _aebrary, Inc. | |
| 710 | 2 | _aEconomist Books. | |
| 856 | 4 | 0 |
_uhttp://site.ebrary.com/lib/rucke/Doc?id=10210683 _zAn electronic book accessible through the World Wide Web; click to view |
| 999 |
_c124985 _d124985 |
||